| 000 | 00373nam a2200157Ia 4500 | ||
|---|---|---|---|
| 008 | 230524s9999 xx 000 0 und d | ||
| 082 |
_a510.15 _bRAO |
||
| 100 | _aG.Shanker Rao | ||
| 245 | 0 | _aNumerical Analysis | |
| 250 | _a2ND | ||
| 260 |
_aNEW DELHI _bMc Graw-Hill _c2002 |
||
| 300 | _aXV;302 | ||
| 500 | _aQuantity Number: 5 | ||
| 650 | _aMathematics | ||
| 942 | _cBK | ||
| 999 |
_c17888 _d17888 |
||